000 00450nam a22001457a 4500
008 220517b |||||||| |||| 00| 0 eng d
020 _a0861047494.
050 _aHD6304
100 _aFryer, Peter
_951626
245 _aStaying Power;
_bthe history of black people in Britan
_cPeter, Fryer
260 _aLondon:
_bPluto Press,
_c1984.
300 _aviii,632p;
_b20cm.
650 _aminorities
_xhistory
_zGreat Britain
_951627
942 _2lcc
_cMONOGRAPH
999 _c131440
_d131440